000 00597nam a2200217 a 4500
001 54462
003 BD-RjUL
005 20211209080126.0
008 161107r1953 enka 000 0 eng d
035 _a(BD-RjUL)54584
040 _dBD-RjUL
_beng
_aBD-RjUL
_cBD-RjUL
041 _aeng
082 _223
_bCAE 1953
_a515
100 _a Caunt, G. W.
_9153332
245 1 0 _aElementary calculus /
_cG. W. Caunt
250 _a1st, ed.
260 _aOxford :
_bAt the Clarendon Press,
_cc1939 [Reprinted 1953]
300 _a388 p. :
_bill. ;
_c19 cm.
650 0 _aCalculus
_9154171
942 _2ddc
_cBK
999 _c54462
_d54462